000 00581nam a2200193Ia 4500
005 20250326141654.0
008 250326s9999 xx 000 0 und d
037 _aTextbook
040 _aFMSL
_beng
_cFMSL
041 _aeng
_2eng
084 _aX:54.44'N93 N0
_qFMSL
100 _aIndia Govt Of...
245 0 _aImport and export poilicy Apr 1990- march 1993.
_cIndia Govt Of...
260 _aNew Delhi
_bNew Delhi, Govt of India Ministry of commerce..
_c1990
300 _a340p
490 _vIst
942 _cTB
_hX:54.44'N93 N0
999 _c1291424
_d1291424